000 00582nam a22001817a 4500
999 _c167750
_d167750
005 20190918145919.0
010 _aENG-126487
020 _c195.00
_a9789381841471
035 _aEN-110019
037 _bDBAD/PUB
082 _a934
100 _aAgarwal ,Nitin
245 _aIndia's greatest speeches /
_cBy Nitin Agarwal
260 _aNew Delhi
_bGrapevine India Publishers
_c2014
270 _bNew Delhi
_a16 ,Shanti Mohan House ,Ansari Road ,Darya Ganj
_e110002
_mgrapevineindiapublishers@gmail.com
300 _a325p.
_c20cm(pbk)
942 _2ddc
_cEN
_h934
_mAGA